000 00362nam a2200133Ia 4500
005 20260326235452.0
008 260326s9999||||xx |||||||||||||| ||und||
100 _aBenévolo, Leonardo
245 0 _aDiseño de la Ciudad 2 :
_b El Arte y la Ciudad Antigua /
_cLeonardo Benévolo
260 _bGustavo Gili
300 _a256 p.
650 _aANTIGUEDAD
942 _cBK
999 _c7806
_d7806